वायुमण्डल से ओजोन परत पर प्रभाव (Record no. 1003)
[ view plain ]
| 000 -LEADER | |
|---|---|
| fixed length control field | 01098 a2200217 4500 |
| 005 - DATE AND TIME OF LATEST TRANSACTION | |
| control field | 20080903123937.0 |
| 008 - FIXED-LENGTH DATA ELEMENTS--GENERAL INFORMATION | |
| fixed length control field | 080903t xxu||||| |||| 00| 0 hin d |
| 010 ## - LIBRARY OF CONGRESS CONTROL NUMBER | |
| LC control number | HIN-78923 |
| 020 ## - INTERNATIONAL STANDARD BOOK NUMBER | |
| International Standard Book Number | 60.00 |
| Terms of availability | 819023725x |
| 035 ## - SYSTEM CONTROL NUMBER | |
| System control number | HN-51269 |
| 037 ## - SOURCE OF ACQUISITION | |
| Source of stock number/acquisition | D.B.Act / pub |
| 082 ## - DEWEY DECIMAL CLASSIFICATION NUMBER | |
| Classification number | 551.514 |
| 100 ## - MAIN ENTRY--PERSONAL NAME | |
| Personal name | चोपड़ा, विवेक |
| 245 ## - TITLE STATEMENT | |
| Title | वायुमण्डल से ओजोन परत पर प्रभाव |
| Statement of responsibility, etc | विवेक चोपड़ा |
| 246 ## - VARYING FORM OF TITLE | |
| Title proper/short title | Vayumandal se ojon parat par prabhav |
| Remainder of title | by Vivek Chopra |
| 260 ## - PUBLICATION, DISTRIBUTION, ETC. (IMPRINT) | |
| Place of publication, distribution, etc | बीकानेर |
| Name of publisher, distributor, etc | हिन्दी पुस्तक सदन |
| Date of publication, distribution, etc | 2004 |
| 270 ## - ADDRESS | |
| Address | जोशीबाड़ा,कोटगेट |
| City | बीकानेर |
| 300 ## - PHYSICAL DESCRIPTION | |
| Extent | 38पृ |
| Other physical details | सचित्र |
| Dimensions | 22सेमी (सजिल्द) |
| 942 ## - ADDED ENTRY ELEMENTS (KOHA) | |
| Institution code [OBSOLETE] | dpl |
| Koha item type | Hindi Books |
| Call number prefix | 551.514 / चोपड़ा |
| Source of classification or shelving scheme | Dewey Decimal Classification |
| Classification part | 551.514 |
| Call number suffix | चोपड़ा |
| Withdrawn status | Lost status | Damaged status | Not for loan | Collection code | Home library | Current library | Date acquired | Cost, normal purchase price | Total Checkouts | Full call number | Barcode | Date last seen | Copy number | Uniform Resource Identifier | Cost, replacement price | Price effective from | Koha item type |
|---|---|---|---|---|---|---|---|---|---|---|---|---|---|---|---|---|---|
| Not For Loan | Non-fiction | D.B.Act.Division | D.B.Act.Division | 03/09/2008 | 60.00 | 551.514 चोपड़ा | HN-51269 | 15/09/2008 | 1 | 1068 | 60.00 | 15/09/2008 | Hindi Books |
